| 000 | 01193cam a22003375a 4500 | ||
|---|---|---|---|
| 001 | 17829938 | ||
| 005 | 20161004131915.0 | ||
| 008 | 130729t2014 nyua fr 001 0 eng d | ||
| 010 | _a 2013946503 | ||
| 020 | _a0071829466 | ||
| 020 | _a9780071829465 | ||
| 040 |
_aDLC _beng _cDLC _dDLC _dEG-ScBUE _dEG-ScBUE |
||
| 082 | 0 | 4 |
_a621.38223076 _bHSU _222 |
| 100 | 1 |
_aHsu, Hwei P. _q(Hwei Piao), _d1930- _95932 |
|
| 245 | 1 | 0 |
_aSignals and systems / _cHwei P. Hsu. |
| 246 | 3 | 3 | _aSchaum’s outline of signals and systems |
| 250 | _a3rd ed. | ||
| 260 |
_aNew York : _bMcGraw-Hill Education, _cc.2014. |
||
| 300 |
_aviii, 496 p. : _bill. ; _c28 cm. |
||
| 490 | 0 | _aSchaum’s outline series | |
| 500 | _aIndex : p. 491-496. | ||
| 500 | _aUse with these courses. | ||
| 500 | _aVisit ''www.mhprofessional.com/mediacenter'' to view Schaum's problem-solving videos FREE. | ||
| 500 | _a571 fully solved problems and 20 problem solving videos online. | ||
| 650 | 7 |
_aSignal theory (Telecommunication) _vProblems, exercises, etc. _2BUEsh _95934 |
|
| 651 | _2BUEsh | ||
| 653 |
_bENGELC _cMarch2016 _cApril2016 |
||
| 653 |
_bENGELC _cOctober2016 |
||
| 655 |
_vText book _vReading book |
||
| 942 | _2ddc | ||
| 999 |
_c21309 _d21281 |
||